魔塔50层所有怪物 - Statistics

General Stats
  • This quiz has been taken 21 times
    16 since last reset
  • The average score is 17 of 33
Answer Stats
名称 % Correct
绿色史莱姆
75%
红色史莱姆
75%
小蝙蝠
67%
大蝙蝠
67%
骷髅队长
67%
骑士
67%
魔王
67%
史莱姆王
58%
初级法师
58%
高级法师
58%
骷髅人
58%
初级卫兵
58%
中级卫兵
58%
高级卫兵
58%
兽人
58%
大史莱姆
50%
石头人
50%
吸血鬼
50%
双手剑士
50%
骑士队长
50%
大法师
50%
吸血蝙蝠
42%
骷髅士兵
42%
兽人武士
42%
幽灵
42%
鬼战士
42%
初级巫师
42%
高级巫师
42%
魔法警卫
42%
大乌贼
42%
魔龙
42%
战士
33%
黑暗骑士
33%
No matching quizzes found
Score Distribution
Percent of People with Each Score
Percentile by Number Answered
Your Score History
You have not taken this quiz since the last reset